000 00627nam a2200277Ia 4500
005 20260324133810.0
008 008 260324s9999 xx 000 0 eng d
020 _a9781351324366
037 _aEBOOK
040 _aCRL
040 _beng
040 _cCRL
041 _2eng
041 _aeng
084 _qCRL
100 _aEllen Starr
_91194436
245 0 _aOn Art, Labor, and Religion
260 _bTaylor and Francis
260 _c2003
365 _a
365 _b230
856 _uhttp://www.taylorfrancis.com/books/9781351324366
942 _cEBOOK
999 _c1793855
_d1793855